Database management systems (Record no. 488)

000 -LEADER
fixed length control field 00537nam a22002177a 4500
001 - CONTROL NUMBER
control field 488
003 - CONTROL NUMBER IDENTIFIER
control field BD-DhUET
008 - FIXED-LENGTH DATA ELEMENTS--GENERAL INFORMATION
fixed length control field 140722b xxu||||| |||| 00| 0 eng d
020 ## - INTERNATIONAL STANDARD BOOK NUMBER
International Standard Book Number 0072465638
040 ## - CATALOGING SOURCE
Transcribing agency 0
Modifying agency BD-DhUET
082 ## - DEWEY DECIMAL CLASSIFICATION NUMBER
Classification number 005.74
Item number RAM/2003
100 ## - MAIN ENTRY--PERSONAL NAME
Personal name Ramakrishnan, Raghu
245 ## - TITLE STATEMENT
Title Database management systems
250 ## - EDITION STATEMENT
Edition statement 3rd ed.
260 ## - PUBLICATION, DISTRIBUTION, ETC. (IMPRINT)
Place of publication, distribution, etc. Boston
Name of publisher, distributor, etc. McGraw-Hill
Date of publication, distribution, etc. 2003
300 ## - PHYSICAL DESCRIPTION
Extent xxxii,1065p.
504 ## - BIBLIOGRAPHY, ETC. NOTE
Bibliography, etc Includes bibliographies
650 #0 - SUBJECT ADDED ENTRY--TOPICAL TERM
Topical term or geographic name as entry element Database management
700 ## - ADDED ENTRY--PERSONAL NAME
Personal name Gehrke, Jahannes
942 ## - ADDED ENTRY ELEMENTS (KOHA)
Koha item type General Book
Holdings
Price effective from Location (home branch) Koha date last seen Copy number Sublocation or collection (holding branch) Lost status Koha full call number Date acquired Withdrawn status Shelving location Source of classification or shelving scheme Koha item type Not for loan Damaged status Piece designation (barcode) Koha normalized classification for sorting
2014-07-22Central Library, BUET2014-07-221Central Library, BUET 005.74/RAM/20032014-07-22 Circulation section General Book  110619005_740000000000000_RAM_2003
2014-10-20Central Library, BUET2014-10-202Central Library, BUET 005.74/RAM/20032014-10-20 Circulation section General Book  107132005_740000000000000_RAM_2003
2015-06-06Central Library, BUET2015-06-063Central Library, BUET 005.74/RAM/20032015-06-06 Reading section Reading Item  102553005_740000000000000_RAM_2003
2015-06-09Central Library, BUET2015-06-094Central Library, BUET 005.74/RAM/20032015-06-09 Reading section Reading Item  102171005_740000000000000_RAM_2003
2017-03-22Central Library, BUET2017-03-225Central Library, BUET 005.74/RAM/20032009-05-16 Circulation section General Book  107131005_740000000000000_RAM_2003